| 000 | 01147 a2200217 4500 | ||
|---|---|---|---|
| 003 | Nust | ||
| 005 | 20220803173027.0 | ||
| 010 | _a 2005003194 | ||
| 020 | _a0131174290 | ||
| 040 | _cNust | ||
| 082 | 0 | 0 | _a621.3692,HEC |
| 100 | 1 |
_aHecht, Jeff. _963475 |
|
| 245 | 1 | 0 |
_aUnderstanding fiber optics / _cJeff Hecht. |
| 250 | _a5th ed. | ||
| 260 |
_aUpper Saddle River, N.J. : _bPearson/Prentice Hall, _cc2006. |
||
| 300 |
_aix, 790 p. : _bill. ; _c24 cm. |
||
| 505 | _aAn Introduction To Fiber Optics (Page-1), Fundamentals Of Fiber Optic Components (Page-17), Fundamentals Of Communications (Page-39), Types Of Optical Fibers (Page-65), Properties Of Optical Fibers (Page-93), Fiber Materials, Structures And Manufacture (Page-127), Specialty Fibers (Page-151), Cabling (Page-173), Light Sources (Page-197), Transmitters (Page-227), Receivers (Page-249), Fiber Optic Measurements (Page-417), Troubleshooting And Test Equipments (Page-447), System And Optical Networking Concepts (Page-471). | ||
| 650 | 0 | _aTelecommunication Engineering. | |
| 856 | 4 | 1 |
_3Table of contents _uhttp://www.loc.gov/catdir/toc/ecip057/2005003194.html |
| 942 |
_cREF _2ddc |
||
| 999 |
_c190623 _d190623 |
||